000 01065cam2a220025300 4500
001 tmp15706153
003 UPRA
005 20190826090023.0
008 951009m19471953fr fre u
035 _a(Sirsi) r59383
035 _a(UPRA)tmp15706153
040 _cUPRA
100 1 _aTerrasse, Charles, 1893-
_dTerrasse, Charles, 1893-
_6A18729.1
245 1 0 _aHistoire de l'art depuis les origines jusqu'a nos jours.
250 _aEd. rev. et augm.
260 _aParis :
_bH. Laurens,
_c1947-53.
504 _aBibliographie sommaire": v. 1, p. (239)-241; v. 2, p. (239)-242; v. 3. p. (239)-242.
505 0 _a[I] Epoque prehistorique, antiquite, art chretien, art byzantin, art musulman -- [II] Art roman, art gothique, renaissance. -- [III] Temps modern et contemporains, Extreme Orient.
650 0 _aArt -- History.
_xArt -- History.
_6S3758.1
949 _aN5300
_vVOL. 1
_wlcc
_i-77950
_mMAIN
_tBOOK
_lON-SHELF
949 _aN5300
_vVOL. 2
_wlcc
_i-77951
_mMAIN
_tBOOK
_lON-SHELF
949 _aN5300
_vVOL. 3
_wlcc
_i-77952
_mMAIN
_tBOOK
_lON-SHELF
004 59383
999 _c158460
_d158460